[Event "GER HS-256 email"]
[Site "GER email"]
[Date "2019.05.04"]
[Round "?"]
[White "Loew, Bernd"]
[Black "Dahm, Winfried Karl"]
[Result "1/2-1/2"]
[WhiteElo "1986"]
[BlackElo "1818"]
[PlyCount "126"]
[EventDate "2019.05.13"]
[EventType "tourn (corr)"]
[EventRounds "6"]
[EventCountry "GER"]
[SourceTitle "Corr 2022"]
[Source "ChessBase"]
[SourceDate "2021.10.24"]
[SourceVersion "1"]
[SourceVersionDate "2021.10.24"]
[SourceQuality "1"]

1. e4 c5 2. Nc3 Nc6 3. f4 g6 4. Nf3 Bg7 5. Bb5 Nd4 6. 0-0 Nxb5 7. Nxb5 a6 8. Nc3 b5 9. Qe2 Bb7 10. d3 d6 11. Bd2 Nf6 12. e5 dxe5 13. fxe5 Ng4 14. Rae1 0-0 15. Bf4 Qb6 16. Kh1 Nh6 17. Ne4 Nf5 18. c3 Rad8 19. Qf2 Rxd3 20. Nxc5 Rdd8 21. Kg1 Bxf3 22. gxf3 Rd5 23. Nd3 Qxf2+ 24. Nxf2 h6 25. Re2 g5 26. Bg3 Nxg3 27. hxg3 Bxe5 28. Kg2 f5 29. Rc1 Bd6 30. b3 Rc8 31. g4 Kf7 32. Rh1 Kg6 33. Rc1 Rc6 34. Re6+ Kg7 35. Rc2 Re5 36. Rxe5 Bxe5 37. c4 Bd4 38. Nd3 a5 39. a4 bxa4 40. bxa4 Kf6 41. Nc1 Bc5 42. Nb3 e6 43. Rc1 Ba3 44. Nxa5 Ra6 45. Ra1 Bb2 46. Ra2 Rxa5 47. Rxb2 Rxa4 48. gxf5 exf5 49. Rc2 Ra6 50. f4 g4 51. c5 Rc6 52. Kg3 Ke7 53. Rc1 Kd8 54. Rd1+ Kc7 55. Rd5 Rf6 56. Kh4 Kb7 57. Re5 Kc6 58. Kg3 Kb5 59. Kh4 Rf8 60. Kg3 h5 61. Kh4 Kc6 62. Kxh5 g3 63. Re1 g2 1/2-1/2

[Event "GER HS-238 email"]
[Site "GER email"]
[Date "2018.05.24"]
[Round "?"]
[White "Loew, Bernd"]
[Black "Heyn, Wolfgang"]
[Result "1-0"]
[WhiteElo "1966"]
[BlackElo "1721"]
[PlyCount "57"]
[EventDate "2018.06.05"]
[EventType "tourn (corr)"]
[EventRounds "6"]
[EventCountry "GER"]
[SourceTitle "Corr 2022"]
[Source "ChessBase"]
[SourceDate "2021.10.24"]
[SourceVersion "1"]
[SourceVersionDate "2021.10.24"]
[SourceQuality "1"]

1. e4 c6 2. Nc3 d5 3. d4 dxe4 4. Nxe4 Bf5 5. Ng3 Bg6 6. Nf3 Nd7 7. Bd3 e6 8. Bf4 Qa5+ 9. c3 Ngf6 10. 0-0 Be7 11. a4 Nd5 12. Bxg6 hxg6 13. Bd2 Qc7 14. c4 N5f6 15. b4 Nh5 16. Nxh5 Rxh5 17. Re1 0-0-0 18. h3 Rdh8 19. Qc1 Qd8 20. a5 g5 21. a6 b6 22. d5 g4 23. Nd4 Nb8 24. Bf4 Bxb4 25. Bxb8 Bxe1 26. Qxe1 cxd5 27. c5 gxh3 28. g3 Qd7 29. c6 1-0

[Event "GER HS-238 email"]
[Site "GER email"]
[Date "2018.05.24"]
[Round "?"]
[White "Thiel, Kay"]
[Black "Loew, Bernd"]
[Result "0-1"]
[WhiteElo "1887"]
[BlackElo "1966"]
[PlyCount "46"]
[EventDate "2018.06.05"]
[EventType "tourn (corr)"]
[EventRounds "6"]
[EventCountry "GER"]
[SourceTitle "Corr 2022"]
[Source "ChessBase"]
[SourceDate "2021.10.24"]
[SourceVersion "1"]
[SourceVersionDate "2021.10.24"]
[SourceQuality "1"]

1. c4 e5 2. g3 Nf6 3. Bg2 Nc6 4. Nc3 Bb4 5. a3 Bxc3 6. bxc3 0-0 7. Nf3 e4 8. Nd4 Re8 9. 0-0 Ne5 10. d3 c5 11. Nb3 d6 12. Bg5 exd3 13. exd3 Bg4 14. Qc2 Bf5 15. Qd1 Bxd3 16. Bxf6 Qxf6 17. f4 Bxf1 18. fxe5 Qxe5 19. Qxf1 Qe3+ 20. Qf2 Qxc3 21. Bxb7 Rab8 22. Bd5 Rf8 23. Rc1 Qxb3 0-1

[Event "GER HS-234 email"]
[Site "GER email"]
[Date "2017.11.25"]
[Round "?"]
[White "Pelzer, Martin"]
[Black "Loew, Bernd"]
[Result "1-0"]
[WhiteElo "1905"]
[BlackElo "1982"]
[PlyCount "89"]
[EventDate "2017.12.01"]
[EventType "tourn (corr)"]
[EventRounds "6"]
[EventCountry "GER"]
[SourceTitle "Corr 2022"]
[Source "ChessBase"]
[SourceDate "2021.10.24"]
[SourceVersion "1"]
[SourceVersionDate "2021.10.24"]
[SourceQuality "1"]

1. Nf3 d5 2. d4 Nf6 3. c3 Bf5 4. Qb3 Qc8 5. Bf4 e6 6. Nbd2 h6 7. e3 Bd6 8. Bxd6 cxd6 9. c4 0-0 10. cxd5 exd5 11. Be2 Nc6 12. 0-0 Qd7 13. Rfc1 Rfc8 14. Nf1 Rc7 15. Ng3 Rac8 16. Nxf5 Qxf5 17. Bd3 Qe6 18. Qd1 g6 19. a3 Qd7 20. Ne1 Na5 21. Be2 Kg7 22. Nd3 Rc4 23. Rcb1 R4c7 24. Nf4 Qc6 25. Bd3 b5 26. h4 a6 27. a4 b4 28. h5 g5 29. Ne2 Nxh5 30. g4 Nf6 31. Ng3 Nc4 32. Kg2 Ng8 33. Qe2 Kf8 34. Rh1 Re8 35. Bh7 Nf6 36. Rxh6 Nxh7 37. Rxh7 Ke7 38. Nh5 Rf8 39. Qf3 Kd8 40. Nf6 Nd2 41. Qf5 Qc2 42. Qxg5 Kc8 43. Rah1 Kb7 44. Qxd5+ Qc6 45. g5 1-0

[Event "GER OS-332 email"]
[Site "GER email"]
[Date "2017.11.14"]
[Round "?"]
[White "Rausch, Wolfgang"]
[Black "Loew, Bernd"]
[Result "1/2-1/2"]
[WhiteElo "1497"]
[BlackElo "1982"]
[PlyCount "107"]
[EventDate "2017.11.21"]
[EventType "tourn (corr)"]
[EventRounds "6"]
[EventCountry "GER"]
[SourceTitle "Corr 2022"]
[Source "ChessBase"]
[SourceDate "2021.10.24"]
[SourceVersion "1"]
[SourceVersionDate "2021.10.24"]
[SourceQuality "1"]

1. Nf3 d5 2. g3 Nf6 3. Bg2 g6 4. d4 Bg7 5. 0-0 0-0 6. c4 c6 7. cxd5 cxd5 8. Nc3 Nc6 9. Qb3 Ne4 10. Bf4 Nxc3 11. bxc3 Na5 12. Qb5 b6 13. Rac1 Bb7 14. Nd2 Bc6 15. Qb4 Rc8 16. Rfd1 h6 17. h4 e6 18. Re1 g5 19. hxg5 hxg5 20. Bd6 Re8 21. g4 Qd7 22. Bg3 Bb5 23. e4 Nc4 24. Nxc4 Bxc4 25. Qb1 Red8 26. Re3 e5 27. dxe5 Qxg4 28. exd5 Bxd5 29. Bxd5 Rxd5 30. Rce1 Qe6 31. Qe4 f5 32. exf6 Qxe4 33. Rxe4 Bxf6 34. Be5 Kf7 35. Bd4 Bxd4 36. Re7+ Kf6 37. cxd4 Rc1 38. Rxc1 Kxe7 39. Rc7+ Rd7 40. Rc4 Kd6 41. Rc3 Rc7 42. Rg3 Rc2 43. a3 Ra2 44. Kg2 Kc6 45. Rxg5 Rxa3 46. f4 Rd3 47. Rg8 Rxd4 48. Kf3 Rd7 49. f5 b5 50. Rg6+ Kd5 51. f6 Ke6 52. Ke4 a5 53. f7+ Kxf7 54. Rb6 1/2-1/2

[Event "Seefeld op 19th"]
[Site "Seefeld"]
[Date "2008.09.12"]
[Round "8"]
[White "Verwer, Renzo"]
[Black "Loew, Bernd"]
[Result "1-0"]
[WhiteElo "1600"]
[BlackElo "1622"]
[PlyCount "73"]
[EventDate "2008.09.05"]
[EventType "swiss"]
[EventRounds "9"]
[EventCountry "AUT"]
[SourceTitle "EXT 2019"]
[Source "ChessBase"]
[SourceDate "2018.10.10"]
[SourceVersion "1"]
[SourceVersionDate "2018.10.10"]
[SourceQuality "1"]

1. e4 b6 2. Nc3 Bb7 3. d4 Nf6 4. e5 Nd5 5. Qg4 e6 6. Nge2 Nb4 7. Kd1 d6 8. a3 N4a6 9. Bg5 Qd7 10. exd6 Bxd6 11. Ng3 Nc6 12. Bb5 f6 13. Bh4 0-0-0 14. Nge4 Bf8 15. Kc1 f5 16. Qe2 Be7 17. Ng5 Nab8 18. Nxe6 Bxh4 19. d5 Rde8 20. Rd1 Qf7 21. dxc6 Rxe6 22. cxb7+ Kxb7 23. Qf3+ c6 24. Bc4 Rhe8 25. Nb5 Be7 26. a4 Bc5 27. c3 Qf6 28. b4 Bxb4 29. Bxe6 Rxe6 30. Kc2 Bc5 31. a5 g5 32. a6+ Kc8 33. Nxa7+ Kc7 34. Nb5+ Kc8 35. a7 g4 36. Qd3 cxb5 37. Qd8+ 1-0

[Event "Seefeld op 19th"]
[Site "Seefeld"]
[Date "2008.09.09"]
[Round "5"]
[White "Loew, Bernd"]
[Black "Rudolph, Joachim"]
[Result "1-0"]
[WhiteElo "1622"]
[BlackElo "1874"]
[PlyCount "117"]
[EventDate "2008.09.05"]
[EventType "swiss"]
[EventRounds "9"]
[EventCountry "AUT"]
[SourceTitle "EXT 2010"]
[Source "ChessBase"]
[SourceDate "2010.11.25"]
[SourceVersion "1"]
[SourceVersionDate "2010.11.25"]
[SourceQuality "1"]

1. e4 e6 2. d4 d5 3. e5 c5 4. c3 Nc6 5. b3 Bd7 6. Nf3 cxd4 7. cxd4 Bb4+ 8. Bd2 Qa5 9. Be2 Bxd2+ 10. Qxd2 Nge7 11. Qxa5 Nxa5 12. Na3 0-0 13. Kd2 h6 14. Rhc1 Rfc8 15. h3 a6 16. Rc2 Rxc2+ 17. Nxc2 Rc8 18. Rc1 Kf8 19. Bd3 b5 20. Ng1 Ke8 21. Ne2 Kd8 22. f4 Ra8 23. g4 Ra7 24. Ng3 g6 25. Rf1 Ke8 26. f5 g5 27. Nh5 Kf8 28. fxe6 Bxe6 29. Bh7 Ng8 30. Bf5 Re7 31. Nb4 Ke8 32. Ng7+ Kd7 33. Bh7 f6 34. exf6 Nxf6 35. Nxe6 Nxh7 36. Nc5+ Kd6 37. Rf5 Nc6 38. Rxd5+ Kc7 39. Nbxa6+ Kc8 40. Rd6 Nb8 41. Nxb8 Kxb8 42. Rb6+ Kc8 43. Rxb5 Nf6 44. Kd3 Nd5 45. Kd2 Nf4 46. a4 Re2+ 47. Kd1 Rh2 48. a5 Nd5 49. Na4 Ne3+ 50. Kc1 Rc2+ 51. Kb1 Rd2 52. Nb6+ Kd8 53. a6 Rd1+ 54. Kb2 Rd2+ 55. Kc3 Ra2 56. Nc4 Nd1+ 57. Kb4 Ne3 58. a7 Nc2+ 59. Kc3 1-0

[Event "Seefeld op 19th"]
[Site "Seefeld"]
[Date "2008.09.07"]
[Round "3"]
[White "Loew, Bernd"]
[Black "Aufmwasser, Guenter"]
[Result "1-0"]
[WhiteElo "1622"]
[BlackElo "1812"]
[PlyCount "92"]
[EventDate "2008.09.05"]
[EventType "swiss"]
[EventRounds "9"]
[EventCountry "AUT"]
[SourceTitle "EXT 2010"]
[Source "ChessBase"]
[SourceDate "2010.11.25"]
[SourceVersion "1"]
[SourceVersionDate "2010.11.25"]
[SourceQuality "1"]

1. e4 c5 2. Nf3 Nc6 3. d3 d6 4. Be2 g6 5. c3 Bg7 6. Be3 Nf6 7. h3 0-0 8. Qd2 e5 9. Na3 a6 10. Nh2 b5 11. Ng4 b4 12. Nc2 bxc3 13. bxc3 Nh5 14. Nh6+ Kh8 15. Bxh5 gxh5 16. Qe2 Qf6 17. Qxh5 Qg6 18. Qxg6 fxg6 19. Ng4 Be6 20. Ke2 Rfb8 21. Bc1 Rb7 22. Nge3 Ne7 23. Na3 d5 24. exd5 Nxd5 25. Nxd5 Bxd5 26. f3 e4 27. fxe4 Bxc3 28. Rb1 Rxb1 29. Nxb1 Bd4 30. exd5 Re8+ 31. Kf3 Rf8+ 32. Ke2 Re8+ 33. Kd1 Re5 34. Bd2 Rxd5 35. Kc2 Rf5 36. g4 Rf2 37. Kb3 Rf3 38. Kc4 Kg8 39. Bh6 Rf2 40. Nd2 Kf7 41. Rf1 Ke6 42. Rxf2 Bxf2 43. Ne4 Bh4 44. Nxc5+ Kf7 45. Bf4 g5 46. Bd2 h6 1-0

[Event "Seefeld op 18th"]
[Site "Seefeld"]
[Date "2007.09.06"]
[Round "6"]
[White "Loew, Bernd"]
[Black "Scheidt, Eugen"]
[Result "1/2-1/2"]
[WhiteElo "1601"]
[BlackElo "1981"]
[PlyCount "41"]
[EventDate "2007.09.01"]
[EventType "swiss"]
[EventRounds "9"]
[EventCountry "AUT"]
[SourceTitle "EXT 2009"]
[Source "ChessBase"]
[SourceDate "2008.11.26"]
[SourceVersion "1"]
[SourceVersionDate "2008.11.26"]
[SourceQuality "1"]

1. e4 c5 2. Nf3 d6 3. d4 cxd4 4. Nxd4 Nf6 5. Nc3 a6 6. h3 e6 7. Be3 b5 8. Qd2 Bb7 9. Bd3 Be7 10. f3 Nc6 11. g4 h6 12. 0-0-0 Nd7 13. h4 Nde5 14. Be2 Nc4 15. Bxc4 bxc4 16. Qe2 Na5 17. f4 Qc7 18. g5 Qd7 19. f5 e5 20. Nf3 Qc8 21. f6 1/2-1/2

[Event "Seefeld op 18th"]
[Site "Seefeld"]
[Date "2007.09.05"]
[Round "5"]
[White "Gerhards, Walter"]
[Black "Loew, Bernd"]
[Result "1-0"]
[WhiteElo "1947"]
[BlackElo "1601"]
[PlyCount "150"]
[EventDate "2007.09.01"]
[EventType "swiss"]
[EventRounds "9"]
[EventCountry "AUT"]
[SourceTitle "EXT 2009"]
[Source "ChessBase"]
[SourceDate "2008.11.26"]
[SourceVersion "1"]
[SourceVersionDate "2008.11.26"]
[SourceQuality "1"]

1. e4 b6 2. d4 Bb7 3. Nc3 Nf6 4. Bd3 e6 5. Nf3 Bb4 6. Qe2 a6 7. 0-0 Be7 8. Bg5 h6 9. Bh4 d6 10. Rad1 Nbd7 11. Rfe1 0-0 12. e5 Nd5 13. Nxd5 Bxd5 14. Bg3 b5 15. Nd2 dxe5 16. dxe5 Nc5 17. Ne4 Nxd3 18. Rxd3 Qb8 19. Qg4 Kh7 20. Bh4 Bxh4 21. Qxh4 Qd8 22. Qg3 Qe7 23. Nc3 Bb7 24. a3 Rad8 25. Red1 Rxd3 26. Qxd3+ Kg8 27. f4 Qc5+ 28. Qd4 Qc6 29. Rd2 g6 30. Nd1 Kg7 31. Ne3 h5 32. c4 Qe8 33. Qd7 Qxd7 34. Rxd7 Rc8 35. cxb5 axb5 36. Kf2 Kf8 37. b4 Ke8 38. Rd3 Be4 39. Rc3 Kd7 40. g4 Rd8 41. gxh5 gxh5 42. Kg3 Kc8 43. Kh4 Kb7 44. Kg5 Rg8+ 45. Kf6 Bg6 46. Ke7 Rc8 47. Ng2 c6 48. Nh4 Rc7+ 49. Kf6 Be4 50. Rg3 c5 51. bxc5 Rxc5 52. Kxf7 Bd5 53. Kf6 Rc2 54. h3 Kb6 55. Kg5 Rf2 56. Ng6 Be4 57. Nf8 Bf5 58. Nd7+ Ka5 59. h4 Bg4 60. Nf6 Rf3 61. Rg1 Ka4 62. Nxg4 hxg4 63. Kxg4 Rxa3 64. h5 Rc3 65. h6 Rc8 66. h7 b4 67. Kg5 b3 68. Kg6 b2 69. Rb1 Kb3 70. f5 exf5 71. Kxf5 Kc2 72. Rh1 b1Q 73. Rxb1 Kxb1 74. Kf6 Kc2 75. e6 Kd3 1-0

[Event "Seefeld op 18th"]
[Site "Seefeld"]
[Date "2007.09.03"]
[Round "3"]
[White "Ranker, Klemens"]
[Black "Loew, Bernd"]
[Result "1-0"]
[WhiteElo "1955"]
[BlackElo "1601"]
[PlyCount "66"]
[EventDate "2007.09.01"]
[EventType "swiss"]
[EventRounds "9"]
[EventCountry "AUT"]
[SourceTitle "EXT 2009"]
[Source "ChessBase"]
[SourceDate "2008.11.26"]
[SourceVersion "1"]
[SourceVersionDate "2008.11.26"]
[SourceQuality "1"]

1. e4 b6 2. Nc3 Bb7 3. Nf3 Nf6 4. d3 e6 5. Be2 c5 6. 0-0 Be7 7. h3 a6 8. Bf4 d6 9. Qd2 Nbd7 10. Rae1 e5 11. Bh2 0-0 12. Bd1 Qc7 13. Ne2 b5 14. Ng3 g6 15. Ng5 Kh8 16. f4 h6 17. Nf3 Rad8 18. fxe5 Ng8 19. exd6 Bxd6 20. Ne2 Bxh2+ 21. Nxh2 Ne5 22. Qf4 g5 23. Qg3 Qe7 24. Rf5 f6 25. Ref1 Bc8 26. R5f2 h5 27. Qe3 Ng6 28. Ng3 Nf4 29. Nxh5 Nxh5 30. Bxh5 Be6 31. a3 Qh7 32. Bg4 Bf7 33. Qxc5 Bg6 1-0

[Event "Seefeld op 16th"]
[Site "Seefeld"]
[Date "2005.09.18"]
[Round "2"]
[White "Straub, Peter"]
[Black "Loew, Bernd"]
[Result "1-0"]
[WhiteElo "2093"]
[BlackElo "1548"]
[PlyCount "51"]
[EventDate "2005.09.17"]
[EventType "swiss"]
[EventRounds "9"]
[EventCountry "AUT"]
[SourceTitle "EXT 2007"]
[Source "ChessBase"]
[SourceDate "2006.11.23"]
[SourceVersion "1"]
[SourceVersionDate "2006.11.23"]
[SourceQuality "1"]

1. e4 b6 2. d4 Bb7 3. Bd3 Nf6 4. Nc3 e6 5. Nf3 Bb4 6. Bg5 h6 7. Bxf6 Qxf6 8. 0-0 Qd8 9. Qe2 a6 10. a3 Be7 11. Nd2 d6 12. f4 0-0 13. Kh1 Nd7 14. Nd1 c5 15. c3 b5 16. Rc1 Rc8 17. Ne3 c4 18. Bb1 Qa5 19. e5 Nb6 20. Ne4 d5 21. Nf6+ Bxf6 22. exf6 g6 23. f5 exf5 24. Nxf5 Kh7 25. Qe3 g5 26. Qh3 1-0

[Event "Saarland-ch B"]
[Site "Saarlouis Steinrausch"]
[Date "2005.03.18"]
[Round "1"]
[White "Loew, Bernd"]
[Black "Fernschild, Daniel"]
[Result "1/2-1/2"]
[WhiteElo "1539"]
[BlackElo "1361"]
[PlyCount "120"]
[EventDate "2005.03.18"]
[EventType "swiss"]
[EventRounds "9"]
[EventCountry "GER"]
[SourceTitle "EXT 2012"]
[Source "ChessBase"]
[SourceDate "2011.11.24"]
[SourceVersion "1"]
[SourceVersionDate "2011.11.24"]
[SourceQuality "1"]

1. e4 e6 2. d4 d5 3. e5 c5 4. c3 Nc6 5. Nf3 Qb6 6. Be2 Be7 7. 0-0 Bd7 8. Qd3 f6 9. b3 0-0-0 10. Na3 a6 11. Nc2 Na5 12. dxc5 Bxc5 13. b4 Bb5 14. Qd1 Bxf2+ 15. Rxf2 Bxe2 16. Qxe2 Nc6 17. exf6 Nxf6 18. Qxe6+ Rd7 19. Be3 Qb5 20. Ncd4 Qd3 21. Nxc6 Re8 22. Na7+ Kb8 23. Qb6 Qxe3 24. Nc6+ Ka8 25. Qxe3 Rxe3 26. Nce5 Rc7 27. Rc2 g5 28. Kf2 d4 29. cxd4 Rxc2+ 30. Kxe3 Rxg2 31. a3 g4 32. Ng5 Rxh2 33. Rf1 Nd5+ 34. Ke4 Nc3+ 35. Kf5 h5 36. Ke6 Rd2 37. Rf8+ Ka7 38. Rd8 Nb5 39. d5 Nc7+ 40. Kf7 Rxd5 41. Rxd5 Nxd5 42. Kg6 Nf4+ 43. Kf5 Nd5 44. Ne4 Kb6 45. Kg5 g3 46. Nxg3 Nxb4 47. axb4 Kb5 48. Nd3 a5 49. bxa5 Kxa5 50. Ne4 b5 51. Nd2 b4 52. Nc1 Kb5 53. Kxh5 Kc5 54. Kg4 Kd4 55. Kf4 Kc3 56. Ndb3 Kc4 57. Ke4 Kb5 58. Kd5 Kb6 59. Kc4 Kc6 60. Kxb4 Kd6 1/2-1/2